Harry Potter - Grupy rzeczy/postaci/... cz.3 - Statystyki

Ogólne statystyki
  • Ten quiz został rozwiązany 108 razy
  • Średni wynik to 17 z 42
Statystyki odpowiedzi
Hint Odpowiedź % Poprawnych
Siedem Potterów Harry Potter
82%
Siedem Potterów Hermiona Granger
82%
Ofiary ataków Bazyliszka Hermiona Granger
82%
Znani Animagowie James Potter
81%
Znani Animagowie Syriusz Black
78%
Wyposażenie wymienione w Liście z Hogwartu Różdżka
70%
Siedem Potterów Ron Weasley
69%
Członkowie Brygady Inkwizycyjnej Draco Malfoy
67%
Siedem Potterów Fred Weasley
66%
Siedem Potterów George Weasley
66%
Członkowie Brygady Inkwizycyjnej Gregory Goyle
61%
Wyposażenie wymienione w Liście z Hogwartu Kociołek (Cynowy, rozmiar 2)
61%
Ofiary ataków Bazyliszka Pani Norris
57%
Znani Animagowie Peter Pettigrew
57%
Siedem Potterów Fleur Delacour
55%
Wyposażenie wymienione w Liście z Hogwartu Sowa / Kot / Ropucha
52%
Znani Animagowie Minerwa McGonagall
51%
Siedem Potterów Mundungus Fletcher
48%
Członkowie Brygady Inkwizycyjnej Vincent Crabbe
46%
Goblin z Gringotta Gryfek
45%
Członkowie Brygady Inkwizycyjnej Pansy Parkinson
43%
Ofiary ataków Bazyliszka Prawie Bezgłowy Nick
42%
Wyposażenie wymienione w Liście z Hogwartu Podręczniki
40%
Ofiary ataków Bazyliszka Jęcząca Marta
37%
Członkowie Brygady Inkwizycyjnej Dolores Umbridge
36%
Członkowie Brygady Inkwizycyjnej Argus Filch
34%
Znani Animagowie Rita Skeeter
34%
Ofiary ataków Bazyliszka Colin Creevey
31%
Wyposażenie wymienione w Liście z Hogwartu Szaty robocze (czarne)
30%
Ofiary ataków Bazyliszka Justyn Finch-Fletchley
16%
Ofiary ataków Bazyliszka Penelopa Clearwater
16%
Wyposażenie wymienione w Liście z Hogwartu Rękawice ochronne ze smoczej skóry
13%
Wyposażenie wymienione w Liście z Hogwartu Szpiczasta tiara (czarna)
13%
Wyposażenie wymienione w Liście z Hogwartu Teleskop
10%
Goblin z Gringotta Bogrod
7%
Wyposażenie wymienione w Liście z Hogwartu Miedziana waga z odważnikami
7%
Wyposażenie wymienione w Liście z Hogwartu Płaszcz zimowy (czarny, srebrne zapinki)
7%
Wyposażenie wymienione w Liście z Hogwartu Zestaw fiolek (kryształowe lub szklane)
6%
Członkowie Brygady Inkwizycyjnej Graham Montague
4%
Członkowie Brygady Inkwizycyjnej Kasjusz Warrington
4%
Członkowie Brygady Inkwizycyjnej Folison Multon
3%
Goblin z Gringotta Gornak
3%
Nie znaleziono quizów pasujących do podanych kryteriów
Rozkład punktacji
Procent ludzi z każdym wynikiem
Percentyl według liczby udzielonych odpowiedzi
Twoja historia wyników
Nie rozwiązałeś tego quizu